How to look at buildings / (Record no. 185211)
[ view plain ]
| 000 -LEADER | |
|---|---|
| fixed length control field | 00638 a2200169 4500 |
| 003 - CONTROL NUMBER IDENTIFIER | |
| control field | NUST |
| 005 - DATE AND TIME OF LATEST TRANSACTION | |
| control field | 20230120170649.0 |
| 040 ## - CATALOGING SOURCE | |
| Transcribing agency | Nust |
| 082 ## - DEWEY DECIMAL CLASSIFICATION NUMBER | |
| Classification number | 720,BRA |
| 100 ## - MAIN ENTRY--PERSONAL NAME | |
| Personal name | Braddell, Dracy |
| 9 (RLIN) | 107275 |
| 245 ## - TITLE STATEMENT | |
| Title | How to look at buildings / |
| Statement of responsibility, etc. | Darcy Braddell |
| 260 ## - PUBLICATION, DISTRIBUTION, ETC. | |
| Place of publication, distribution, etc. | Washingaton |
| Name of publisher, distributor, etc. | Methuen and company |
| Date of publication, distribution, etc. | 1945 |
| 300 ## - PHYSICAL DESCRIPTION | |
| Extent | 166 p.; |
| 505 ## - FORMATTED CONTENTS NOTE | |
| Formatted contents note | Preliminary (Page-1), Expression (Page-7), Composition (Page-13), Proportion (Page-29), Scale (Page-94), Detail (Page-103), Ornament (Page-119), Texture (Page-131), Colour (Page-143), The Civil Sense (Page-151). |
| 650 ## - SUBJECT ADDED ENTRY--TOPICAL TERM | |
| Topical term or geographic name entry element | How to look at buildings |
| 9 (RLIN) | 107276 |
| 942 ## - ADDED ENTRY ELEMENTS (KOHA) | |
| Source of classification or shelving scheme | |
| Koha item type | Book |
| Call number prefix | 720,BRA |
| Withdrawn status | Lost status | Source of classification or shelving scheme | Damaged status | Not for loan | Permanent Location | Current Location | Shelving location | Date acquired | Full call number | Barcode | Date last seen | Price effective from | Koha item type | Public note |
|---|---|---|---|---|---|---|---|---|---|---|---|---|---|---|
| Military College of Signals (MCS) | Military College of Signals (MCS) | General Stacks | 12/12/2016 | 720,BRA | MCS29785 | 12/08/2016 | 12/12/2016 | Book | Almirah No.55, Shelf No.6 |
